Nyimpi ya miehleketo (Record no. 469506)

MARC details
000 -LEADER
fixed length control field 00490nam a2200181Ia 4500
003 - CONTROL NUMBER IDENTIFIER
control field 3228
005 - DATE AND TIME OF LATEST TRANSACTION
control field 20250527093624.0
008 - FIXED-LENGTH DATA ELEMENTS--GENERAL INFORMATION
fixed length control field 210818s9999 xx 000 0 und d
020 ## - INTERNATIONAL STANDARD BOOK NUMBER
International Standard Book Number 9780333479155
Qualifying information Paperback
040 ## - CATALOGING SOURCE
Original cataloging agency RDA
Transcribing agency 3228
082 ## - DEWEY DECIMAL CLASSIFICATION NUMBER
Classification number TSO F MANG
100 ## - MAIN ENTRY--PERSONAL NAME
Personal name MANGANYI, Shidumo Joseph
9 (RLIN) 70391
245 #0 - TITLE STATEMENT
Title Nyimpi ya miehleketo
260 ## - PUBLICATION, DISTRIBUTION, ETC.
Place of publication, distribution, etc. Manzini [Swaziland]
Name of publisher, distributor, etc. Macmillan Boleswa Publishers
Date of publication, distribution, etc. 2006
300 ## - PHYSICAL DESCRIPTION
Extent 83 Pages
Dimensions 22 cm
521 ## - TARGET AUDIENCE NOTE
Target audience note Adult
942 ## - ADDED ENTRY ELEMENTS
item type Books
Source of classification or shelving scheme Dewey Decimal Classification
-- 470
-- Patience Mbowane
Holdings
Withdrawn status Lost status Source of classification or shelving scheme Damaged status Not for loan Home library Current library Date acquired Cost, normal purchase price Full call number Barcode Date last seen Price effective from item type
    Dewey Decimal Classification     Mafemani Mafemani 23.08.2021 25.00 TSO F MANG 33228022089732 23.08.2021 23.08.2021 Books